Представление документа в формате RUSMARC

ПолеНазваниеЗначение
  Тип записи a
  Библиографический уровень a
001 Контрольный номер RU/УОНБ/EK_KRAY/320898497
005 Дата корректировки 20250324122500.0
100 Данные общей обработки __
a Данные общей обработки 20031223d2003 u u0rusy0103 ba
101 Язык документа 0_
a Язык текста rus
200 Заглавие и сведения об ответственности 1_
a Заглавие Не то построили
f Первые сведения об ответственности Г. Якимчев
210 Выходные данные 1_
d Дата издания 2003
330 Аннотация __
a Аннотация Лидер фракции "Яблоко" Г. Явлинский посетил Ульяновск.
461 Уровень набора _0
1 2001
a Симбирский курьер
463 Уровень физической единицы _0
1 2000
a 22 нояб.
1 210
d 2003
610 Ключевые слова 0_
a Ключевые слова выборы в Государственную Думу
610 Ключевые слова 0_
a Ключевые слова лидеры
686 Индексы других классификаций __
a Классификационный индекс 66.3
2 Код системы rubbk
700 Автор _1
a Фамилия Якимчев
b Имя (инициалы) Г.
801 Источник записи _0
a Страна RU
b Организация Ульяновская ОНБ
c Дата составления 20031223
g Правила каталогизации PSBO
801 Источник записи _1
a Страна RU
b Организация Ульяновская ОНБ
c Дата составления 20031223
901 Тип документа __
t Тип документа f
938 Служебная информация __
a Имя БД kraeved_work
b Имя библиотеки УОНБ
c Имя АИБС МАРК-SQL
d Номер DOC_ID в БД 42410